00807nam a2200193 a 450000100100000000500170001000800410002702000180006804000250008608200130011111101200012424500750024426000340031949000270035350000990038050000740047950400330055383000270058600004287520201002040450.0140211s2007 sp 000 0 spa d a9788476356937 aDO-SdBNPbspacBNPHU axxxbxxx2 aGrand seminaire de Neuchâtel, Coloquio Internacional Cristina Fernández Cubasd17-19 de mayo de 2005 :cMadrid)10aCristina Fernández Cubas :bGrand séminaire de Neuchâtel (2005). aMadrid :bArco/Libros,c2007.1 aCuadernos de narrativa aEn la portada: Centro de Investigación de Narrativa Española, Universidad de Neuchâtel . aIncluye referencias bibliográficas y notas al pie de las páginas. aBibliografía: p. [197]-204 0aCuadernos de narrativa